| 000 | 01777nam a2200253 a 4500 | ||
|---|---|---|---|
| 001 | ASIN1563673495 | ||
| 003 | OSt | ||
| 005 | 20180116192419.0 | ||
| 008 | 131126s2004 xxu eng d | ||
| 020 |
_a1563673495 (turtleback) _c$57.00 |
||
| 020 | _a9781563673498 (turtleback) | ||
| 040 | _c0 | ||
| 050 | 0 | 4 | _aTS171.4 |
| 082 | 0 | 4 | _a745.2 |
| 100 | 1 |
_aCaplan, Ralph. _97132 |
|
| 245 | 1 | 0 |
_aBy design 2nd edition : _bwhy there are no locks on the bathroom doors in the hotel louis xiv and other object lessons / _cRalph Caplan. |
| 250 | _aSecond Edition. | ||
| 260 |
_a[S.l.] : _bFairchild Books, _c2004. |
||
| 300 |
_a267 p. ; _c24 cm. |
||
| 520 | _aAn inspiring resource for design students, professionals or anyone else who could benefit from a fuller appreciation of the design process, By Design vividly shows how design affects our most significant human activities. A network of engrossing stories illuminate the process as it applies to industrial design, interior design, fashion design, graphic design and the design of business and social situations. It is the perfect accompaniment to a broad area of foundation courses for designers-in-training. This new edition of the popular classic features updated examples of timeless ideas, illustrated in full colour. A concluding chapter discusses what has, and has not, changed since the first edition, examining design responses to radical technological development and shifting consumer demands. An elegant foreword by Paola Antonelli of the Museum of Modern Arts Department of Architecture and Design reintroduces the book to a fresh generation of readers. | ||
| 650 | 0 |
_aIndustrial design _97133 |
|
| 856 | 4 | 0 |
_3Amazon.com _uhttp://www.amazon.com/exec/obidos/ASIN/1563673495/chopaconline-20 |
| 942 |
_2ddc _cBK |
||
| 999 |
_c353844 _d353844 |
||